La mère, l'enfant et le lait en Égypte ancienne : traditions médico-religieuses : une étude de sénologie égyptienne, textes médicaux des Papyrus Ramesseum nos III et IV /

محفوظ في:

المؤلف الرئيسي: Jean, Richard-Alain, 1950-

مؤلفون آخرون: Loyrette, Anne-Marie.

التنسيق: كتاب

اللغة: French

منشور في: Paris : L'Harmattan, 2010.

سلاسل: Kubaba. Antiquité.

الموضوعات:

الوسوم: إضافة وسم

لا توجد وسوم, كن أول من يضع وسما على هذه التسجيلة!

رقم الطلب: RJ216 .J43

LEADER 00963nam a22002537a 4500
003 OSt
005 20251124104153.0
008 251124t2010 fr a b 000 0 fre d
020 |a 9782296130968  
040 |c ARCE Library 
050 1 4 |a RJ216  |b .J43 
100 1 |a Jean, Richard-Alain,   |d 1950- 
245 1 0 |a La mère, l'enfant et le lait en Égypte ancienne :   |b traditions médico-religieuses : une étude de sénologie égyptienne, textes médicaux des Papyrus Ramesseum nos III et IV /   |c par Richard-Alain Jean et Anne-Marie Loyrette ; éditée par Sydney H. Aufrère.  
264 1 |a Paris :   |b L'Harmattan,   |c 2010. 
300 |a 516 p. :   |b ill. ;   |c 24 cm. 
490 0 |a Kubaba. Antiquité. 
504 |a Includes bibliographical references. 
650 0 |a Breastfeeding -- Egypt. 
650 0 |a Medicine, Ancient -- Egypt. 
650 0 |a Medicine, Egyptian -- History. 
700 1 |a Loyrette, Anne-Marie. 
901 |a reviewed 
942 |2 lcc  |c BK 
999 |c 49251  |d 49251